Normal view
MARC view
- WAQAS MASOOD
Entry Personal Name
001 - CONTROL NUMBER
- control field: 72793
003 - CONTROL NUMBER IDENTIFIER
- control field: NUST
005 - DATE AND TIME OF LATEST TRANSACTION
- control field: 20210628204913.0
008 - FIXED-LENGTH DATA ELEMENTS
- fixed length control field: 210628|| aca||aabn | a|a d
040 ## - CATALOGING SOURCE
- Original cataloging agency: NUST
- Transcribing agency: NUST
100 ## - HEADING--PERSONAL NAME
- Personal name: WAQAS MASOOD
670 ## - SOURCE DATA FOUND
- Source citation: Work cat.: (NUST): WAQAS MASOOD, , TH-SOF-0750-FREQUENCY HOPPING IN STAGGERED MULTI-HOPPED MULTI-SUBNET ENVIRONMENT, 2001
